000 00845nam a22002537a 4500
001 4927
003 FISKH
005 20241025105421.0
008 241025b cb ||||| |||| 00| 0 eng d
020 _a9781559719711
040 _aFISKH
_beng
_cFISKH
_dFISKH
050 _aQH105.F6
082 _a508.759
100 _aLynch , Wayne
245 _aThe Everglades /
_cby Wayne Lynch
260 _aUK :
_bNorthworld ;
_c2007 .
300 _a64 pages :
_bcolor illustrations ;
_c26 cm .
490 _a Our Wild World: Ecosystems
520 _aPhotography, first-person anecdotes, and factual information on the animals, plants, climate and landscape come together to give a complete picture of the ecosystem in action.
650 _ahabitats
_vnon-fiction
700 _aRainwater, Lois A.
_edesigner
942 _2ddc
_cBK
_n0
999 _c4927
_d4927